| 000 | 00342nam a2200109Ia 4500 | ||
|---|---|---|---|
| 008 | 200302s9999 xx 000 0 und d | ||
| 100 | _aJillian walliss and other | ||
| 245 | _aLandscape architecture and digital technologies Re-conceptualising design and making | ||
| 260 | _bTaylor and Francis Group Publishing | ||
| 260 | _c2016 | ||
| 300 | _a265 | ||
| 999 |
_c6511 _d6511 |
||